[Event "GER-chT Lands U20"]
[Site "Hannover"]
[Date "2016.10.03"]
[Round "4.3"]
[White "Wagner, Benjamin"]
[Black "Stelmaszyk, Nico"]
[Result "0-1"]
[WhiteElo "1888"]
[BlackElo "1820"]
[PlyCount "60"]
[EventDate "2016.10.01"]
[EventType "team-swiss"]
[EventRounds "7"]
[EventCountry "GER"]
[SourceTitle "CBM 174 Extra"]
[Source "ChessBase"]
[SourceDate "2016.10.10"]
[SourceVersion "1"]
[SourceVersionDate "2016.10.10"]
[SourceQuality "1"]
[WhiteTeam "Sachsen Anhalt"]
[BlackTeam "Niedersachsen II"]
[WhiteTeamCountry "GER"]
[BlackTeamCountry "GER"]

1. e4 e5 2. Nf3 Nc6 3. Bc4 Bc5 4. c3 Nf6 5. d3 h6 6. 0-0 d6 7. a4 a6 8. Be3 Bxe3 9. fxe3 Be6 10. Ba2 Bxa2 11. Rxa2 0-0 12. Nbd2 d5 13. exd5 Qxd5 14. Qb1 Rae8 15. d4 e4 16. Ne1 Qg5 17. Nc2 Nd5 18. Qe1 f5 19. Rf2 f4 20. Nf1 f3 21. c4 Nf6 22. h3 Nh5 23. Na3 Nxd4 24. exd4 e3 25. Nxe3 Rxe3 26. Qb4 Nf4 27. b3 Nxh3+ 28. Kh2 Nxf2 29. Rxf2 Qh4+ 30. Kg1 Re2 0-1

[Event "GER-chT U14"]
[Site "Verden"]
[Date "2015.12.28"]
[Round "3.3"]
[White "Wagner, Benjamin"]
[Black "Koll, Lukas"]
[Result "1/2-1/2"]
[WhiteElo "1846"]
[BlackElo "1698"]
[PlyCount "123"]
[EventDate "2015.12.27"]
[EventType "team-swiss"]
[EventRounds "7"]
[EventCountry "GER"]
[SourceTitle "EXT 2017"]
[Source "ChessBase"]
[SourceDate "2016.10.25"]
[SourceVersion "1"]
[SourceVersionDate "2016.10.25"]
[SourceQuality "1"]
[WhiteTeam "Magdeburg Aufbau Elbe"]
[BlackTeam "Karlsruhe"]
[WhiteTeamCountry "GER"]
[BlackTeamCountry "GER"]

1. e4 c6 2. d4 d5 3. exd5 cxd5 4. c4 Nf6 5. Nc3 Nc6 6. Nf3 e6 7. cxd5 Nxd5 8. Bd3 Bb4 9. Bd2 0-0 10. 0-0 Nce7 11. Qe1 Bd6 12. Qe4 Nf6 13. Qh4 Nf5 14. Bxf5 exf5 15. Bg5 Be7 16. Rad1 h6 17. Bc1 Ne4 18. Qf4 Nxc3 19. bxc3 Be6 20. d5 Bd6 21. Qd4 Bd7 22. Bf4 Bxf4 23. Qxf4 Rc8 24. Qd4 Qa5 25. Qb4 Qxb4 26. cxb4 Rc2 27. Rd2 Rxd2 28. Nxd2 Rc8 29. Nb3 b6 30. d6 Rc2 31. Rc1 Rxc1+ 32. Nxc1 f6 33. Nb3 Kf7 34. f4 Ke6 35. Kf2 Kxd6 36. Ke3 Kd5 37. Nd2 Bb5 38. g3 Ba6 39. a4 Bc4 40. Nb1 Bb3 41. Kd3 a5 42. Nc3+ Kc6 43. bxa5 bxa5 44. Kd4 g6 45. h3 g5 46. h4 gxh4 47. gxh4 h5 48. Ne2 Bxa4 49. Ng3 Bd1 50. Nxf5 a4 51. Kc3 Kd5 52. Ne3+ Ke4 53. Nxd1 Kxf4 54. Kb4 Kg4 55. Kxa4 Kxh4 56. Kb4 Kg3 57. Kc3 f5 58. Kd2 Kf3 59. Ke1 h4 60. Kf1 h3 61. Nf2 h2 62. Nh1 1/2-1/2

[Event "GER-chT U14"]
[Site "Verden"]
[Date "2015.12.27"]
[Round "2.3"]
[White "Kartsev, Nikolaj"]
[Black "Wagner, Benjamin"]
[Result "0-1"]
[WhiteElo "1705"]
[BlackElo "1846"]
[PlyCount "70"]
[EventDate "2015.12.27"]
[EventType "team-swiss"]
[EventRounds "7"]
[EventCountry "GER"]
[SourceTitle "EXT 2017"]
[Source "ChessBase"]
[SourceDate "2016.10.25"]
[SourceVersion "1"]
[SourceVersionDate "2016.10.25"]
[SourceQuality "1"]
[WhiteTeam "Brackel"]
[BlackTeam "Magdeburg Aufbau Elbe"]
[WhiteTeamCountry "GER"]
[BlackTeamCountry "GER"]

1. e4 e5 2. Nf3 Nc6 3. Bb5 a6 4. Ba4 Nf6 5. d3 b5 6. Bb3 Bc5 7. 0-0 d6 8. c3 h6 9. h3 Ba7 10. Nbd2 g5 11. Nh2 g4 12. Nxg4 Nxg4 13. hxg4 Qh4 14. Qf3 Nd8 15. Qh3 Qf6 16. Nf3 h5 17. g5 Qg7 18. Qh4 Bg4 19. Bd1 Ne6 20. Nh2 0-0-0 21. Kh1 Bxd1 22. Rxd1 Rdg8 23. Nf3 Kb7 24. Bd2 f6 25. Qh3 Nxg5 26. Nxg5 fxg5 27. Be3 Bxe3 28. Qxe3 h4 29. Kh2 g4 30. Rh1 g3+ 31. Kg1 h3 32. f3 hxg2 33. Kxg2 Rh2+ 34. Rxh2 gxh2+ 35. Kxh2 Qg2# 0-1

[Event "GER-chT U16"]
[Site "Magdeburg"]
[Date "2014.12.30"]
[Round "7.4"]
[White "Wagner, Benjamin"]
[Black "Rothermel, Henrik"]
[Result "1-0"]
[WhiteElo "1610"]
[BlackElo "1082"]
[PlyCount "82"]
[EventDate "2014.12.27"]
[EventType "team-swiss"]
[EventRounds "7"]
[EventCountry "GER"]
[SourceTitle "EXT 2016"]
[Source "ChessBase"]
[SourceDate "2015.10.08"]
[SourceVersion "1"]
[SourceVersionDate "2015.10.08"]
[SourceQuality "1"]
[WhiteTeam "Magdeburg USC"]
[BlackTeam "Gernsheim"]
[WhiteTeamCountry "GER"]
[BlackTeamCountry "GER"]

1. e4 e5 2. Nf3 Nc6 3. Bc4 Bc5 4. c3 Nf6 5. d3 d6 6. 0-0 Qe7 7. Bb3 Be6 8. Bc2 d5 9. Qe2 d4 10. Nbd2 0-0-0 11. Rd1 Ng4 12. Rf1 h5 13. a3 f6 14. c4 a5 15. Ba4 Rd6 16. Bxc6 Rxc6 17. b4 Bb6 18. Qd1 Bd7 19. Qb3 Re6 20. Rb1 a4 21. Qc2 Ba7 22. b5 Rf8 23. Qxa4 Ra6 24. Qc2 Re6 25. a4 b6 26. Qa2 Kd8 27. Ba3 Qf7 28. Bxf8 Qxf8 29. a5 bxa5 30. Qxa5 Bb6 31. Qa8+ Bc8 32. Ra1 Ke7 33. Nh4 Kf7 34. Nb3 Qb4 35. Qxc8 Qxb3 36. Nf5 Bc5 37. Qxc7+ Be7 38. Ra7 Qb4 39. Nxe7 Rxe7 40. Qxe7+ Qxe7 41. Rxe7+ Kxe7 1-0

[Event "GER-chT Lands U20"]
[Site "Hannover"]
[Date "2014.10.05"]
[Round "4.5"]
[White "Wagner, Benjamin"]
[Black "Scheftlein, Richard"]
[Result "1/2-1/2"]
[WhiteElo "1601"]
[BlackElo "1999"]
[PlyCount "90"]
[EventDate "2014.10.03"]
[EventType "team-swiss"]
[EventRounds "7"]
[EventCountry "GER"]
[SourceTitle "CBM 162 Extra"]
[Source "ChessBase"]
[SourceDate "2014.10.17"]
[SourceVersion "1"]
[SourceVersionDate "2014.10.17"]
[SourceQuality "1"]
[WhiteTeam "Team Nord"]
[BlackTeam "Thueringen"]
[WhiteTeamCountry "GER"]
[BlackTeamCountry "GER"]

1. e4 c6 2. c4 d5 3. exd5 cxd5 4. d4 Nf6 5. Nc3 e6 6. Nf3 Be7 7. cxd5 Nxd5 8. Bd3 Nc6 9. 0-0 0-0 10. a3 Nxc3 11. bxc3 b6 12. Bc2 Ba6 13. Re1 Rc8 14. Re3 Bf6 15. Bd2 Qd6 16. Ne1 g6 17. Qg4 e5 18. Rh3 Rcd8 19. Bg5 Bxg5 20. Qxg5 Bc8 21. Rh4 f5 22. Qh6 Qe7 23. Bb3+ Kh8 24. Nf3 Qg7 25. Qxg7+ Kxg7 26. Nxe5 Nxe5 27. dxe5 f4 28. e6 Rde8 29. Rh3 Bxe6 30. Bxe6 Rxe6 31. Rd3 Rc6 32. Kf1 Kf6 33. Ke2 Rfc8 34. Kd2 Rc4 35. f3 R8c7 36. Kc2 R4c5 37. Rad1 Rg5 38. R1d2 Ra5 39. Kb3 Rb5+ 40. Kc2 Rbc5 41. Re2 Ra5 42. Kb3 Rb5+ 43. Kc2 Ra5 44. Kb3 Rb5+ 45. Kc2 Ra5 1/2-1/2